Ireland County Crest Flags - Statistics

General Stats
  • This quiz has been taken 618 times
  • The average score is 15 of 32
Answer Stats
Picture Answer % Correct
Donegal
92%
Galway
89%
Dublin
88%
Carlow
68%
Derry
57%
Cork
55%
Mayo
55%
Wexford
55%
Armagh
51%
Waterford
49%
Kildare
48%
Laois
48%
Offaly
46%
Tyrone
46%
Antrim
45%
Meath
45%
Clare
44%
Down
44%
Kerry
43%
Kilkenny
41%
Sligo
41%
Westmeath
41%
Cavan
40%
Leitrim
40%
Limerick
39%
Monaghan
36%
Fermanagh
33%
Tipperary
31%
Louth
29%
Roscommon
29%
Wicklow
26%
Longford
21%
No matching quizzes found
Score Distribution
Percent of People with Each Score
Percentile by Number Answered
Your Score History
You have not taken this quiz